Jaký bude Zahraniční obchod ČR 1994-1995
Budúci vývoj zahraničného obchodu ČR na r. 1994-95. Vonkajšie podmienky. Vnútorné faktory. Očakávaná dynamika zahraničného obchodu. Porovnanie zahr. obchodu ČR so svetom. Otázka udržania dynamiky zahr. obchodu. Subjekty, ktoré realizujú obchod. Podpora exportu. Ďalšie námety pre rozvoj zahr. obchodu...
Saved in:
| Format: | Book Chapter |
|---|---|
| Language: | Czech |
| Subjects: | |
| Tags: |
No Tags, Be the first to tag this record!
|
MARC
| LEADER | 00000naa a2200000 4500 | ||
|---|---|---|---|
| 001 | r015646 | ||
| 005 | 20221205085946.0 | ||
| 041 | 0 | |a cze | |
| 044 | |a CZ | ||
| 245 | 1 | 0 | |a Jaký bude |b Zahraniční obchod ČR 1994-1995 |
| 520 | |a Budúci vývoj zahraničného obchodu ČR na r. 1994-95. Vonkajšie podmienky. Vnútorné faktory. Očakávaná dynamika zahraničného obchodu. Porovnanie zahr. obchodu ČR so svetom. Otázka udržania dynamiky zahr. obchodu. Subjekty, ktoré realizujú obchod. Podpora exportu. Ďalšie námety pre rozvoj zahr. obchodu ČR. | ||
| 610 | 2 | 0 | |a obchod zahraničný |
| 610 | 2 | 0 | |a Česko |
| 610 | 2 | 0 | |a 1994-1995 |